Airpower in the war against ISIS

"This book offers a comprehensive review and assessment of the air contribution to Operation Inherent Resolve in its most significant details"--

Guardado en:  
Detalles Bibliográficos
Autor principal: Lambeth, Benjamin S. 1943- (Autor)
Tipo de documento: Print Libro
Lenguaje:Inglés
Publicado: Annapolis, Maryland Naval Institute Press 2021
En:Año: 2021
Acceso en línea: Índice
Verificar disponibilidad: HBZ Gateway
Servicio de pedido Subito: Pedir ahora.
Palabras clave:

MARC

LEADER 00000cam a22000002c 4500
001 1703884469
003 DE-627
005 20260430013132.0
007 tu
008 200707s2021 xxu||||| 00| ||eng c
010 |a  2020029635 
020 |a 9781682475577  |q hardback  |9 978-1-68247-557-7 
035 |a (DE-627)1703884469 
035 |a (DE-599)KXP1703884469 
040 |a DE-627  |b ger  |c DE-627  |e rda 
041 |a eng 
044 |c XD-US 
050 0 |a DS98.6 
082 0 |a 956.9104/23480973  |q DLC  |2 23 
084 |a 2,1  |2 ssgn 
100 1 |8 1\p  |a Lambeth, Benjamin S.  |d 1943-  |e VerfasserIn  |0 (DE-588)139689958  |0 (DE-627)612704920  |0 (DE-576)161893295  |4 aut 
109 |a Lambeth, Benjamin S. 1943-  |a Lambeth, Benjamin Simmons 1943- 
245 1 0 |a Airpower in the war against ISIS  |c Benjamin S. Lambeth 
264 1 |a Annapolis, Maryland  |b Naval Institute Press  |c 2021 
300 |a xxii, 305 pages, 16 unnumbered pages of plates  |b illustrations and maps, plates  |c 24 cm 
336 |a Text  |b txt  |2 rdacontent 
337 |a ohne Hilfsmittel zu benutzen  |b n  |2 rdamedia 
338 |a Band  |b nc  |2 rdacarrier 
490 0 |a History of military aviation 
500 |a Includes bibliographical references and index 
505 8 |a America's Air Posture before Inherent Resolve -- How the ISIS Challenge First Arose -- The Air War's Slow Start -- Toward a More Effective Air Effort -- On a Winning Streak at Long Last -- Consolidating a Successful Endgame -- Some Notable Air War Achievements -- The Russian Intervention -- Issues in U.S. Leadership and Strategy. 
520 |a "This book offers a comprehensive review and assessment of the air contribution to Operation Inherent Resolve in its most significant details"-- 
610 1 0 |a IS (Organization)  |2 DLC 
650 0 |a Operation Inherent Resolve, 2014-  |x History  |2 DLC 
650 0 |a Insurgency  |z Syria  |2 DLC 
650 0 |a Insurgency  |z Iraq  |2 DLC 
650 0 |a Combined operations (Military science)  |2 DLC 
650 0 |a Air power  |z United States  |v Case studies  |2 DLC 
651 0 |a Syria  |x History  |y Civil War, 2011-  |x Aerial operations, American  |2 DLC 
651 0 |a United States  |x Armed Forces  |z Iraq  |2 DLC 
651 0 |a United States  |x Armed Forces  |z Syria  |2 DLC 
651 0 |a United States  |x Military policy  |2 DLC 
776 1 |z 9781682475591  |c epub 
776 0 8 |i Erscheint auch als  |n Online-Ausgabe  |a Lambeth, Benjamin S., 1943-  |t Airpower in the war against ISIS  |d Annapolis, Maryland : Naval Institute Press, [2021]  |z 9781682475591  |w (DLC)2020029636 
787 0 8 |i Rezensiert in  |a Sinai, Joshua  |t [Rezension von: Lambeth, Benjamin S., Airpower in the war against ISIS]  |d 2021  |w (DE-627)186881100X 
856 4 2 |u https://www.gbv.de/dms/bowker/toc/9781682475577.pdf  |v 2021-10-20  |x Aggregator  |3 Inhaltsverzeichnis  |7 1 
883 |8 1\p  |a cgwrk  |d 20260401  |q DE-101  |u https://d-nb.info/provenance/plan#cgwrk 
951 |a BO 
ELC |b 1 
LOK |0 000 xxxxxcx a22 zn 4500 
LOK |0 001 4912360880 
LOK |0 003 DE-627 
LOK |0 004 1703884469 
LOK |0 005 20260210143143 
LOK |0 008 260210||||||||||||||||ger||||||| 
LOK |0 040   |a DE-2619  |c DE-627  |d DE-2619 
LOK |0 092   |o n 
LOK |0 852   |a DE-2619 
LOK |0 852 1  |9 00 
LOK |0 939   |a 2026-02-10  |b l01 
ORI |a WA-MARC-krimdoka001.raw